000 00615aas a2200181 4500
999 _c50129
_d50129
001 768714001
003 CO-MdFUSB
005 20170913113407.0
008 170913b xxu||||| |||| 00| 0 eng d
022 _a0326-6737
040 _aCO-MdFUSB
_bspa
_cCO-MdFUSB
_dCO-MdFUSB
041 _aspa
100 1 _aGarcía Bachmann, Mercedes
_eautor
245 1 0 _aEvaluación de la prostitución desde los textos bíblicos
_c/ García Bachmann, Mercedes
300 _aVolumen 19 (2000), páginas 23-35
_c: 23 cm.
773 0 _tCuadernos de Teología
_049404
_959702
_gVolumen 19 (2000), páginas 23-35
_qPágina 23
942 _cANA